|
|
|
|
| LEADER |
00000nab a2200000 a 4500 |
| 001 |
vtls010000351 |
| 003 |
SK-MaSNL |
| 005 |
20260426091134.0 |
| 008 |
250507|1959 xo |||||||||||1|| b|slo |
| 015 |
|
|
|a SNBRA2009/11
|2 snkbucl
|
| 035 |
|
|
|a urn:nbn:sk:snk-ab7qp9
|
| 035 |
|
|
|a (urnnbn)urn:nbn:sk:snk:ar-0020z7
|
| 035 |
|
|
|a (uuid)d1756601-de78-41ce-aab2-f2b9702f27bf
|
| 038 |
|
|
|a SNKBUCL
|
| 040 |
|
|
|a SNKBUCL
|b slo
|c SNKBUCL
|e AACR2
|
| 041 |
0 |
|
|a slo
|
| 044 |
|
|
|a xo
|c SK
|
| 080 |
|
|
|a 78.01
|x (437.6)
|2 2001
|
| 100 |
1 |
|
|a Potemrová, Mária,
|d 1922-2015
|4 aut
|9 185294
|
| 245 |
1 |
0 |
|a Za plánovitú hudobnú regionalistiku
|c Mária Potemrová
|
| 650 |
0 |
7 |
|a hudba
|2 snkbucl
|9 1063
|
| 650 |
0 |
7 |
|a slovenská hudba
|2 snkbucl
|9 371261
|
| 650 |
0 |
7 |
|a regionálny výskum
|2 snkbucl
|9 261109
|
| 651 |
|
7 |
|a Slovensko
|2 snkbucl
|9 14231
|
| 655 |
|
7 |
|a štúdie
|2 snkbucl
|9 57033
|
| 773 |
0 |
|
|t Slovenská hudba
|g Roč. III, č. 6 (1959), s. 282-284
|
| 850 |
|
|
|a Slovenská národná knižnica
|
| 852 |
|
|
|a Slovenská národná knižnica
|
| 954 |
|
|
|a odborná, vedecká literatúra pôvodná (slovenská)
|2 lita
|
| 958 |
|
|
|a article9
|
| 958 |
|
|
|a OND
|
| 958 |
|
|
|a EUIPO
|
| 999 |
|
|
|c 3015721
|d 3017651
|